BIBLIOTECA

SENCICO

La topografía / (Registro nro. 522)

Detalles MARC
000 -LEADER
fixed length control field 00868nam a2200265Ia 4500
003 - CONTROL NUMBER IDENTIFIER
control field PE SENCICO BE
005 - DATE AND TIME OF LATEST TRANSACTION
control field 20251020182440.0
008 - FIXED-LENGTH DATA ELEMENTS--GENERAL INFORMATION
fixed length control field 200515s9999 xx 000 0 und d
020 ## - INTERNATIONAL STANDARD BOOK NUMBER
International Standard Book Number 84-281-0513-8
040 ## - CATALOGING SOURCE
Original cataloging agency PE SENCICO BE
Transcribing agency PE SENCICO BE
041 ## - LANGUAGE CODE
Language code of text/sound track or separate title spa
082 ## - DEWEY DECIMAL CLASSIFICATION NUMBER
Classification number 526.9
Item number M43
100 1# - MAIN ENTRY--PERSONAL NAME
Personal name Pierre, Merlin
9 (RLIN) 3287
Relator term autor
245 10 - TITLE STATEMENT
Title La topografía /
Statement of responsibility, etc. Pierre Merlin
250 ## - EDITION STATEMENT
Edition statement 1a ed.
260 ## - PUBLICATION, DISTRIBUTION, ETC.
Place of publication, distribution, etc. Barcelona :
Name of publisher, distributor, etc. Oikos-Tau ;
Date of publication, distribution, etc. 1982
300 ## - PHYSICAL DESCRIPTION
Extent 148 páginas :
Other physical details gráficos ;
Dimensions 17 cm.
490 ## - SERIES STATEMENT
Series statement Colección ¿que sé? Nueva serie
505 0# - FORMATTED CONTENTS NOTE
Formatted contents note El esquema planimétrico y altimétrico de base -- El alzado topográfico directo -- Los métodos fotogramétricos
520 3# - SUMMARY, ETC.
Summary, etc. Bibliografía: p. [149]
650 10 - SUBJECT ADDED ENTRY--TOPICAL TERM
Topical term or geographic name entry element Topografía
9 (RLIN) 4
650 20 - SUBJECT ADDED ENTRY--TOPICAL TERM
Topical term or geographic name entry element Métodos topográficos
9 (RLIN) 1235
650 20 - SUBJECT ADDED ENTRY--TOPICAL TERM
Topical term or geographic name entry element Medición de distancias
9 (RLIN) 3260
942 ## - ADDED ENTRY ELEMENTS (KOHA)
Koha item type Libros
Source of classification or shelving scheme Dewey Decimal Classification
Existencias
Fecha de la última vez que lo usaron Número de ingreso o de inventario Pago total Signatura topográfica completa Código de barras Precio efectivo desde Tipo de documento Estado perdido Sistema de clasificación Estado dañado No es para préstamo Retirado Ubicación permanente Ubicación actual Fecha de adquisición
15/05/2020 11666   526.9/M43 BibLima25100009 15/05/2020 Libros   Dewey Decimal Classification       Biblioteca Central Lima Biblioteca Central Lima 15/05/2020